00741cam a2200241 a 4500001001000000003000900010005001700019007001000036008003300046020001800079040002200097082002100119100004100140245004400181260005200225300002800277490002800305490000600333500007400339650002700413650003200440650002700472000025294DO-SdBNP20240301083853.0000025294880808s20uu dr a 000 f spa d a9789945122169 aBPMSUbspacBPMSU 4a861.62bJ61p2221 aJiménez, Juan Ramón,d1881-1958.10aPlatero y yo /cJuan Ramón Jiménez. aSanto Domingo : bSusaeta Ediciones c[200?]g  a143 p. :bil. ;c24 cm.0 aBiblioteca Susaeta v 1 a  aIncluye referencias bibliográficas y notas al pie de las páginas  4aPoesías españolas  4aProsa poética española  4aLiteratura española